[Event "Stay Safe Play From Home 298"]
[Site "Emanuel Lasker Arena"]
[Date "2020.07.13"]
[Round "6"]
[White "Chase the sun"]
[Black "Haxhi Baha"]
[Result "1/2-1/2"]
[WhiteElo "1782"]
[BlackElo "2014"]
[Annotator "TA"]
[PlyCount "62"]
[EventDate "2020.07.13"]
[EventType "swiss (blitz)"]

{[%evp 10,62,-23,-24,0,-3,37,-78,-32,-90,-55,-107,-78,-94,-109,-231,-76,-93,-108,-149,-113,-96,-122,-285,0,-4,-4,-10,0,-47,-22,-175,-166,-170,-83,-78,-81,-243,-83,-468,64,67,571,571,550,435,891,0,0,0,887,0,0,0,868]} 1. e4 e6 2. b3 d5 3. Bb2 dxe4 4. Nc3 Nf6 5. g4 h6 6. Bg2 c5 {C00: French: Unusual White 2nd moves.} 7. Nxe4 Nc6 8. c3 (8. Nxf6+ $14 {stays ahead.} gxf6 9. Bxc6+ bxc6 10. Qf3) 8... Be7 {Black is better.} 9. Qe2 {[#]} ({Better is} 9. Nxf6+ $15 Bxf6 10. Be4) 9... Qc7 $146 ({Predecessor:} 9... Ne5 10. Nxf6+ Bxf6 11. Be4 Qc7 12. O-O-O Bd7 13. f4 Nc6 14. Qf3 O-O-O 15. Ne2 Kb8 {1-0 (45) Haast,A (2282)-Klapwijk,B (2060) Haarlem 2012}) 10. O-O-O ({White should play} 10. Nxf6+ $15 Bxf6 11. Nh3) 10... a5 {[%cal Ba7a5,Ba5a4][%mdl 32]} 11. h4 a4 12. g5 (12. Nxf6+ $17 gxf6 13. Kc2) 12... hxg5 $2 (12... Nd5 $19 {aiming for ...axb3.} 13. Nh3 Qb6 14. Nd6+ Bxd6 15. Bxd5 Ne5) 13. hxg5 Rxh1 14. Bxh1 Nxe4 15. Bxe4 axb3 16. g6 $2 (16. Bxc6+ $17 {was necessary.} bxc6 17. axb3) 16... f5 $2 ({Not} 16... Rxa2 17. gxf7+ Kf8 18. Qh5 $11) (16... bxa2 $19 17. gxf7+ Kf8) 17. Bxc6+ $1 $11 Qxc6 18. axb3 Ra2 19. Kc2 b5 {[#] ...Qa6 is the strong threat.} 20. Ra1 $2 (20. Kb1 $11 Qa6 21. Re1) 20... Rxa1 $19 21. Bxa1 Qa6 (21... c4 $19 {and Black stays clearly on top.} 22. Bb2 Bb7 23. bxc4 bxc4) 22. Bb2 $17 c4 23. b4 $2 {[#]} (23. bxc4 $17 {is a better defense.} Qa4+ {[%mdl 64] Double Attack} 24. Kc1) 23... Qa2 $2 (23... Bb7 $1 $19 {has better winning chances.} 24. f3 Qd6) 24. Nf3 $2 {[%mdl 8192]} (24. Qe5 $17 {is more resistant.} Qa4+ 25. Kc1) 24... Qb3+ $2 (24... Bb7 $19 {Strongly threatening ...Be4+.} 25. Ne1 Be4+ 26. d3 Qb3+ 27. Kb1 cxd3 28. Nxd3 Qd5) 25. Kc1 $14 {Black must now prevent Qe5.} Bb7 $2 {[%mdl 8192]} (25... Bf6 $14) 26. Nd4 $18 {[%mdl 64] Double Attack} Qa2 27. Qxe6 Be4 (27... Qa6 $142 28. Qf7+ Kd7 29. Qxf5+ Kc7 30. Nxb5+ Kd8) 28. Qc8+ $2 (28. Qf7+ $18 Kd7 29. d3) 28... Bd8 $11 {[%csl Ge4][%cal Ra2b1]} 29. Qe6+ $2 {[%mdl 8192]} (29. Kd1 $11) 29... Be7 $18 {[%csl Ge4][%cal Ra2b1]} 30. Qc8+ $2 ({Only move:} 30. Qf7+ $18 Kd7 31. d3) 30... Bd8 $11 {[%csl Ge4][%cal Ra2b1]} 31. Qe6+ $2 {[%mdl 8192]} (31. Nc2 $11 Qa7 32. Nd4) 31... Be7 {[%mdl 32768] What a bad dream for Black. Accuracy: White = 23%, Black = 31%. . An unexpected result.} 1/2-1/2

[Event "Stay Safe Play From Home 298"]
[Site "Emanuel Lasker Arena"]
[Date "2020.07.13"]
[Round "7"]
[White "AChessPlayer"]
[Black "Toosieslide"]
[Result "0-1"]
[WhiteElo "2417"]
[BlackElo "2216"]
[Annotator "TA"]
[PlyCount "82"]
[EventDate "2020.07.13"]
[EventType "swiss (blitz)"]

{[%evp 9,81,-106,-58,-127,-134,-169,-124,-149,-155,-160,-163,-162,-154,-164,-164,-225,-168,-249,-170,-196,-172,-190,-135,-130,-130,-124,-52,-125,-3,-548,-540,-548,-544,-557,-553,-600,-610,-657,-587,-644,-533,-533,-533,-533,-524,-611,-604,-1139,-1142,-1414,-987,-1278,-1154,-1412,-1438,-2001,-1804,-29986,-29987,-29987,-29988,-29994,-29995,-29996,-29997,-29997,-29998,-29998,-29998,-29998,-29998,-29998,-29998,-29999]} 1. e4 e5 2. Nf3 Nc6 3. Bc4 Nf6 4. c3 Nxe4 5. d4 exd4 6. Qe2 {C55: Two Knights: 4 d3, 4 d4 exd4 5 e5 and Max Lange Attack.} (6. Qb3 $15 Qe7 7. O-O) 6... d5 $17 7. Nxd4 {[#]} Be7 $146 ({Much less strong is} 7... dxc4 8. Qxe4+ Qe7 9. Qxe7+ Bxe7 10. Nb5 $15) ({Predecessor:} 7... Nxd4 8. cxd4 Be6 9. O-O Nxf2 10. Rxf2 dxc4 11. Be3 Qd7 12. Nc3 c6 13. Rd1 O-O-O {½-½ (30) Daniel,J (1506)-Snevajs,M (1350) Czechia 2006}) 8. Bb5 {Black is better.} Bd7 9. Bxc6 bxc6 10. f3 Nf6 11. O-O O-O 12. Bg5 (12. Be3 {was called for.}) 12... Re8 13. Re1 (13. Qf2 {might work better.}) 13... Bc5 14. Qf1 Rxe1 15. Qxe1 Qe8 (15... a5 $19 16. Na3 h6) 16. Nd2 Qxe1+ 17. Rxe1 Re8 (17... Bb6 $17 18. Kf1 Kf8) 18. Rd1 (18. Rxe8+ $15 Nxe8 19. b4 Bxd4+ 20. cxd4) 18... Bxd4+ ({Black should try} 18... Bb6 $17 {Strongly threatening ...c5.} 19. Kf1 Kf8) 19. Kf1 $2 {[%mdl 8192] [#] This move loses the game for White.} (19. cxd4 $11 h6 20. Bf4) 19... Bc5 20. Nb3 Bd6 21. g3 c5 22. Bxf6 Bb5+ 23. Kf2 gxf6 24. Rxd5 Bc4 25. Rd2 Bxb3 26. axb3 $19 {[%mdl 4096] Endgame KRB-KR} Rb8 27. b4 cxb4 28. c4 b3 29. Rd3 Rb4 30. Rd5 Rxc4 31. f4 Rc2+ 32. Kf3 Rxb2 33. Kg4 Rxh2 {Black mates.} 34. Rb5 b2 35. Kf5 Rh5+ 36. Kxf6 Rxb5 37. f5 b1=Q {[%csl Gb1][%cal Rb5f5]} 38. g4 Qb2+ 39. Kg5 Qg7+ 40. Kh5 {[#]} Rxf5+ $1 41. g5 (41. gxf5 Bg3) 41... Qxg5# {Accuracy: White = 29%, Black = 49%.} 0-1

[Event "Stay Safe Play From Home 298"]
[Site "Emanuel Lasker Arena"]
[Date "2020.07.13"]
[Round "7"]
[White "Mepe_Nika"]
[Black "Broken sword"]
[Result "1-0"]
[WhiteElo "2377"]
[BlackElo "2422"]
[Annotator "TA"]
[PlyCount "153"]
[EventDate "2020.07.13"]
[EventType "swiss (blitz)"]

{[%evp 9,152,0,0,0,0,0,0,0,-7,-6,-8,-17,0,-8,-15,-17,0,0,6,-50,-13,-16,1,-8,10,-23,-18,-27,0,-41,0,-35,0,0,0,-84,0,-8,0,-42,58,-299,-304,-431,-418,-809,36,0,0,0,0,-20,99,109,105,-83,-20,-39,-29,-53,4,0,75,75,79,14,35,-7,0,0,0,0,0,-8,-8,-119,-100,-88,-8,-8,-10,-23,-32,-182,-8,-8,-8,-175,29975,29973,5214,403,29985,29986,29986,29973,29974,29975,29975,29976,29985,29979,29979,29980,29984,29985,29985,29985,29986,29987,29987,29988,29988,29989,29990,29991,29991,29992,29992,29993,29993,29994,29995,29995,29997,29997,29997,29996,29997,29997,29998,29997,29997,29996,29996,29996,29996,29996,29996,29997,29997,29998,29998,29999,29999]} 1. d4 c5 2. c3 cxd4 3. cxd4 d5 4. Nc3 Nc6 5. e3 Nf6 6. Bd3 {D10: Slav Defence: 3 cxd5 (without early Nf3) and 3 Nc3.} Bg4 7. Nge2 e6 {[#]} 8. h3 $146 {The position is equal.} ({Predecessor:} 8. Qb3 Rb8 9. O-O Bd6 10. f4 Bh5 11. Nb5 Be7 12. f5 exf5 13. Nf4 O-O 14. Nxh5 Nxh5 15. Rxf5 {0-1 (36) Lobos Barrenechea,M (2218)-Valenzuela Fuentealba,L (2419) Linares 2000}) 8... Bh5 9. O-O Bd6 10. Qb3 Qe7 11. Nb5 Bb8 12. Nf4 Bg6 13. Nxg6 hxg6 14. Bd2 (14. f4 $11) 14... a6 15. Nc3 $1 O-O 16. Na4 Bd6 17. Nb6 Rad8 $40 {[%mdl 128] Black attacks.} 18. Rac1 Bb8 19. g3 Rfe8 20. Bxa6 Nxd4 21. exd4 {Hoping for Bb5.} bxa6 22. Qa4 (22. Rc6 $11) 22... Qb7 (22... Ne4 $17 23. Bb4 Qf6) 23. Ba5 $1 $11 Ne4 24. Rc2 Bc7 (24... f5 $15) 25. Qb3 $2 {[%mdl 8192]} (25. Qc6 $1 $14 {stays ahead.} Qxc6 26. Rxc6 Bxb6 27. Bxb6) 25... Rb8 $19 {[%cal Rc7b6]} 26. Rxc7 (26. Nd7 {was necessary.} Qxb3 27. axb3 Bxa5 28. Nxb8 Rxb8 29. Ra1) 26... Qxc7 27. Nxd5 (27. Qa4 $142 Nxg3 28. fxg3 Qxg3+ {[%mdl 64] Double Attack} 29. Kh1 Qxh3+ 30. Kg1) 27... Qc6 $2 (27... Qxa5 $19 28. Ne7+ Kf8) 28. Ne7+ (28. Qxb8 $5 {[%cal Rd5e7]} exd5 29. Qb3 $11) 28... Rxe7 29. Qxb8+ Re8 30. Qc7 (30. Qb3 {feels hotter.} Ng5 31. f3 Nxh3+ 32. Kg2 Ng5 33. Bd2) 30... Qxc7 (30... Qd5 $11 31. h4 Qxd4) 31. Bxc7 $11 {[%mdl 4096] Endgame KRB-KRN} Rc8 32. Bb6 $2 (32. Rc1 $16) 32... Rc2 ({Better is} 32... Rb8 $17 33. Ba5 Rxb2) 33. a4 Rxb2 34. a5 Rb4 (34... g5 $15) 35. Kg2 Nf6 {[#]} (35... Nc3 $11) 36. Rc1 $1 $16 Nd5 37. Rc8+ Kh7 38. Rb8 (38. Rc6 {looks sharper.} Ne7 39. Rc7 Nd5 40. Rxf7 Nxb6 41. axb6 Rxb6 42. h4) 38... f6 39. Ba7 Rxb8 40. Bxb8 $11 {KB-KN} g5 41. f4 gxf4 42. gxf4 (42. Bxf4 $11 {keeps the balance.} Ne7 43. Bd2) 42... Kg6 43. Kf3 Kf5 (43... Nb4 $17) 44. Bd6 Nc3 45. h4 Nb5 46. Bc5 (46. Bf8 $1 $15) 46... Nc7 $2 ({Black should try} 46... g6 $19) 47. h5 Nd5 48. Bf8 $2 (48. Bd6 $11 {and White is okay.}) 48... g6 $4 {[%mdl 8192]} (48... Nxf4 $19 49. Bxg7 Nxh5) 49. h6 g5 50. fxg5 (50. h7 $142 g4+ 51. Kg3 Nxf4 52. h8=Q Ne2+ 53. Kf2 Nxd4 54. Qh5+ Kf4 55. Bh6+ Ke4 56. Qxg4+ Ke5 {[#]} 57. Bg7 $1 {[%mdl 512]}) 50... fxg5 (50... Kg6 $18 51. gxf6 Nxf6) 51. h7 {White mates.} g4+ 52. Kg2 Nf4+ 53. Kg3 Ng6 54. Bg7 Ke4 55. h8=Q Nxh8 56. Bxh8 {KB-K3P} Kd5 57. Be5 Kc4 58. Kxg4 {KB-KPP} Kb5 59. Kg5 Kxa5 60. Kf6 Kb5 61. Kxe6 {KB-KP} Kc4 62. d5 a5 63. d6 a4 64. d7 a3 65. d8=Q Kb3 66. Qd4 Ka2 67. Qa1+ Kb3 68. Kd5 Ka4 69. Bd6 Kb3 70. Qxa3+ Kc2 71. Qc5+ Kd2 72. Qd4+ Ke2 73. Qc3 Kf2 74. Ke4 Ke2 75. Qc2+ Kf1 76. Kf3 {[%csl Gf3][%cal Rc2f2]} Ke1 77. Qe2# {White used his chance. Accuracy: White = 53%, Black = 60%.} 1-0

[Event "Stay Safe Play From Home 298"]
[Site "Emanuel Lasker Arena"]
[Date "2020.07.13"]
[Round "7"]
[White "Lamborghini"]
[Black "Lazieri3"]
[Result "1-0"]
[WhiteElo "2123"]
[BlackElo "2052"]
[Annotator "TA"]
[PlyCount "61"]
[EventDate "2020.07.13"]
[EventType "swiss (blitz)"]

{[%evp 14,61,3,7,81,77,85,73,95,78,137,124,214,216,249,102,152,106,176,179,175,73,159,139,137,154,158,152,100,0,520,72,71,-72,-44,-93,-23,-72,-70,-116,433,428,915,349,303,268,234,0,0,-194]} 1. e4 c6 2. d4 d5 3. Nc3 dxe4 4. Nxe4 Nd7 5. Ng5 Ngf6 6. Bd3 e6 7. N1f3 Bd6 8. Qe2 Nb6 {B17: Caro-Kann: Modern Line (4...Nd7).} (8... h6 $11 9. Ne4 Nxe4 10. Bxe4 O-O) 9. Ne5 O-O 10. Bd2 h6 {[#] White is better.} 11. Ngf3 $146 ({Predecessor:} 11. h4 Nbd5 12. a3 c5 13. g4 b5 14. Bxb5 Bb7 15. Ngxf7 Rxf7 16. Nxf7 Kxf7 17. dxc5 {1-0 (33) Babiy,O (2293)-Parhomenko,M (1892) Riga 2019}) 11... c5 (11... Nbd7 $142) 12. dxc5 $16 Bxc5 (12... Bxe5 $16 {was worth a try.} 13. Nxe5 (13. Qxe5 Nbd7 $14) 13... Nbd7) 13. O-O-O $18 Bd7 14. c4 (14. Rhg1 $18 {is more deadly.}) 14... Qe7 15. Kb1 Bb4 (15... Bc6 $16) 16. Bf4 Ba4 17. Rc1 (17. Rdg1 $1 $18) 17... Rfd8 (17... Nfd7 $142) 18. g4 $1 $16 Nfd7 19. g5 $1 {[%cal Rg5h6]} Nxe5 20. Bxe5 hxg5 {[#]} (20... Rxd3 $142 21. Qxd3 hxg5) 21. Rhg1 $40 {[%mdl 128] Black needs to defend precisely.} ({Better is} 21. Nxg5 $1 $16 {[%mdl 512] And now Qh5 would win.} Rxd3 (21... Qxg5 22. Rhg1) 22. Qh5) 21... Bd6 $2 {[%mdl 8192] [#]} (21... f6 $11 {and Black is okay.}) 22. Bc3 $2 (22. Bxg7 $1 $18 {[%mdl 512]} Kxg7 23. Nxg5) 22... Bf4 23. Ne5 (23. b3 $16 {keeps the pressure on.}) 23... Bxc1 24. Kxc1 Nd7 (24... Be8 $17 25. b3 Nd7 26. Nxd7 Rxd7) 25. Nf3 Nc5 26. Bb1 $1 Bc6 $2 {[%mdl 8192]} (26... Qd6 $17 {stays on course. Threatens to win with ...f6.} 27. Ne5 f6 28. Bh7+ Kf8) 27. Nxg5 $18 Kf8 ({Avoid the trap} 27... Qd6 $2 28. Qg4 $18) (27... e5 $142 28. Bxe5 (28. Qh5 Qf6 $11) 28... f6) 28. Nh7+ $2 (28. Qh5 {[%cal Rh5h8]} Ke8 {[#]} 29. Nxf7 $1 {[%mdl 512]}) 28... Ke8 29. Bxg7 {Black must now prevent Nf6+.} Qh4 {...Qf4+ is the strong threat.} 30. Nf6+ $2 (30. Be5 $18) 30... Ke7 $11 {Hoping for ...Qf4+.} 31. Ng4 $2 {[%mdl 32768] Accuracy: White = 44%, Black = 36%. . Loss on time!?} (31. Nh5 $11 {and White stays safe.} Nd7 32. Bc3) 1-0

[Event "Stay Safe Play From Home 298"]
[Site "Emanuel Lasker Arena"]
[Date "2020.07.13"]
[Round "7"]
[White "Souchov"]
[Black "Bardellosport"]
[Result "1/2-1/2"]
[WhiteElo "2040"]
[BlackElo "2047"]
[Annotator "TA"]
[PlyCount "150"]
[EventDate "2020.07.13"]
[EventType "swiss (blitz)"]

{[%evp 13,150,0,21,0,0,-7,0,-43,0,0,78,93,86,63,105,89,104,89,114,74,77,46,29,-25,84,48,42,0,7,0,65,0,13,-281,131,118,114,106,193,194,183,188,283,191,339,291,29989,1049,1012,860,945,1,1,-16,23,0,1,0,49,-44,-50,-46,100,-7,-7,-7,-8,-8,-7,-25,0,0,0,0,0,0,1965,3160,1309,0,29981,29982,29983,29984,29985,29986,29987,29988,29988,29989,29989,29990,29991,29992,29993,29994,29994,29993,29993,29993,29993,29993,29993,29994,29994,29994,29994,29994,29994,29994,29995,29994,29995,29995,29997,29994,29996,29997,29997,29995,29996,29995,29995,29994,29994,29993,29994,0,29996,29994,29996,29994,29996,29987,29987,29987,29987,29988,29988]} 1. e4 d6 2. d4 Nf6 3. Nc3 Nbd7 4. Bc4 e5 5. Nf3 Be7 6. dxe5 dxe5 7. O-O O-O 8. Be3 {C41: Philidor Defence.} c6 9. h3 Qc7 {[#]} 10. Qd2 $146 {The position is equal.} ({Predecessor:} 10. Re1 b5 11. Bb3 b4 12. Ne2 Nxe4 13. c3 bxc3 14. bxc3 Nec5 15. Bc2 f5 16. Bg5 Nf6 17. Ng3 e4 18. Nd4 {1-0 (44) Aakanksha,H (2238)-Khalid,E (2008) chess.com INT 2020}) 10... Nb6 11. Bb3 Be6 (11... Nbd7 $11) 12. Bxe6 $16 fxe6 13. Ng5 Qc8 14. Qe2 h6 15. Nf3 Qc7 16. Nh4 Bb4 17. Ng6 Rfd8 18. h4 (18. Nb1 $142) 18... Qf7 (18... Kh7 $11 {remains equal.} 19. h5 Bxc3 20. bxc3 Na4) 19. h5 Nbd7 20. a3 Bxc3 21. bxc3 Nxe4 {[#]} (21... Nxh5 $11 22. Qxh5 Nf8) 22. c4 ({White should play} 22. Bxh6 $1 $14 {[%mdl 512]} Ndf6 (22... gxh6 23. Qxe4) 23. Bc1) 22... Ndf6 23. f3 $2 {[%mdl 8192]} (23. Nxe5 $11 {and White is okay.} Qxh5 24. Qxh5 Nxh5 25. Rfe1) 23... Ng5 $2 ({Better is} 23... Ng3 $19 24. Qf2 Nfxh5 25. Nxe5 Qf5) 24. Bxg5 $1 hxg5 25. Qxe5 Nxh5 (25... Rd2 $16) 26. Qxg5 $18 Nf6 27. Rae1 Re8 (27... e5 {might work better.} 28. Rxe5 (28. Nxe5 Qh5 $16) 28... Re8) 28. Kf2 {Strongly threatening Rh1.} e5 (28... Nh7 {was worth a try.} 29. Qh5 Qd7) 29. Rh1 {[%csl Gg6][%cal Rh1h8]} ({Stronger than} 29. Rxe5 Rxe5 30. Rh1 Nh7 $17) (29. Nxe5 Qe7 $16) 29... Nh7 $2 {[#]} (29... Qc7 $18 30. Rxe5 (30. Qh4 Qd6 $11) 30... Rad8) 30. Qh5 (30. Rxh7 $142 $1 {[%mdl 512]} Qd7 (30... Kxh7 31. Qh5+) 31. Rd1 $1 {[%mdl 512]} Qe6 32. Rxg7+ $1 {[%mdl 512]} Kxg7 33. Nf4+ {[%mdl 64] Discovered Attack} Kf7 34. Nxe6 Kxe6 35. Qg6+ Ke7 36. Qg7+ {[%mdl 64] Double Attack} Ke6 37. Rd7 Rf8 38. Re7+ Kf5 39. Rxe5+ Kf4 40. Qg5#) 30... Qf6 31. Qxh7+ Kf7 32. Qh5 $2 ({White should try} 32. Rh6 $18 Qg5 33. Rh5 Qxg6 34. Rf5+ Qxf5 35. Qxf5+ Kg8 36. Qd7) 32... Qxg6 $11 33. Qh3 Qf6 34. Qd7+ Re7 $132 {[%mdl 2048] Black is not keeping still} 35. Qd3 Rae8 36. Qb3 (36. Re4 $14) 36... e4 $15 37. c5+ Qe6 (37... Kg6 $15 {keeps the upper hand.}) 38. Qxe6+ (38. Rxe4 $16 Qxb3 39. Rxe7+ (39. cxb3 Rxe4 40. fxe4 Rxe4 $11) 39... Kxe7 40. cxb3) 38... Rxe6 $11 39. Rh4 {[%cal Rh4e4]} exf3 40. Rxe6 Rxe6 {[%mdl 4096] Endgame KR-KR} 41. Rf4+ Rf6 (41... Kg6 {feels hotter.} 42. Kxf3 Re7 43. Rb4 Rf7+ 44. Ke4 Kf6) 42. Kxf3 Rxf4+ 43. Kxf4 {aiming for Kf5. KP-KP} Kf6 44. Ke4 b6 $2 {[%mdl 8192] Black is on the road to losing.} (44... Ke6 $11) 45. cxb6 $18 axb6 {[#] K3P-K3P} 46. a4 $2 ({Only move:} 46. Kf4 $1 $18 b5 47. Ke4) 46... c5 $2 {[%mdl 8192]} (46... Ke6 $11) 47. Kd5 Kf5 48. Kc6 Kg4 49. Kxb6 {K3P-KPP} g5 50. a5 Kg3 51. a6 c4 52. a7 c3 53. a8=Q Kf4 54. Qf3+ Ke5 55. Qxc3+ Kf5 56. Qf3+ Kg6 {[#]} 57. Qg4 $1 Kf6 58. g3 Kg6 59. c4 Kf6 60. Kc5 Kg6 61. Kd4 Kf6 62. Ke4 Kg6 63. Qf5+ Kh5 64. Kf3 {[%cal Rf5h7]} Kh6 65. Kg4 Kg7 66. Qxg5+ Kf7 67. Qf5+ Ke7 68. Kg5 Kd6 69. Qf6+ Kc7 70. Qf5 $2 (70. c5 {mates} Kb7 71. Qd6 Kc8 72. Qe7 Kb8 73. c6 Kc8 74. Qd7+ Kb8 75. Qb7#) 70... Kd8 $2 {[%mdl 8192]} (70... Kd6 $11 71. Qd5+ Kc7 72. c5 Kc8 73. Qf7 Kd8 74. c6 Kc8 75. Qd7+ Kb8 76. Qb7#) 71. Kf4 {White mates.} Ke8 72. Qe5+ Kf7 {[#]} 73. Qg7+ $3 {[%mdl 64] Promotion} Kxg7 74. Kf5 Kf7 75. Ke5 Ke7 {[%mdl 32768] Accuracy: White = 54%, Black = 42%. . An unexpected result.} 1/2-1/2

[Event "Stay Safe Play From Home 298"]
[Site "Emanuel Lasker Arena"]
[Date "2020.07.13"]
[Round "7"]
[White "Sfantul321"]
[Black "Patzeroglu"]
[Result "1-0"]
[WhiteElo "2014"]
[BlackElo "1827"]
[Annotator "NA RC"]
[PlyCount "57"]
[EventDate "2020.07.13"]
[EventType "swiss (blitz)"]

1. c4 {[%emt 0:00:01]} e6 {[%emt 0:00:03]} 2. Nc3 {[%emt 0:00:00]} Nf6 {[%emt 0:00:01]} 3. g3 {[%emt 0:00:01]} Bb4 {[%emt 0:00:00]} 4. Bg2 {[%emt 0:00:01]} O-O {[%emt 0:00:10]} 5. a3 {[%emt 0:00:01]} Be7 {[%emt 0:00:02]} 6. d4 {[%emt 0:00:01]} a5 {[%emt 0:00:01]} 7. e4 {[%emt 0:00:01]} Na6 {[%emt 0:00:02]} 8. e5 {[%emt 0:00:01]} Ne8 {[%emt 0:00:03]} 9. Nge2 {[%emt 0:00:00]} d6 {[%emt 0:00:03]} 10. exd6 {[%emt 0:00:02]} cxd6 {[%emt 0:00:04]} 11. O-O {[%emt 0:00:01]} Rb8 {[%emt 0:00:00]} 12. Qd3 {[%emt 0:00:02]} Bd7 {[%emt 0:00:00]} 13. Bf4 {[%emt 0:00:02]} f5 {[%emt 0:00:04]} 14. h4 {[%emt 0:00:01]} Nf6 {[%emt 0:00:01]} 15. Rab1 {[%emt 0:00:03]} a4 {[%emt 0:00:04]} 16. c5 {[%emt 0:00:02]} dxc5 {[%emt 0:00:05]} 17. Bxb8 {[%emt 0:00:02]} Qxb8 {[%emt 0:00:00]} 18. dxc5 {[%emt 0:00:02]} Nxc5 {[%emt 0:00:01]} 19. Qc4 {[%emt 0:00:00]} Rc8 {[%emt 0:00:04]} 20. Qd4 {[%emt 0:00:05]} Nb3 {[%emt 0:00:04]} 21. Qd1 {[%emt 0:00:02]} Bc6 {[%emt 0:00:02]} 22. Bxc6 {[%emt 0:00:01]} Rxc6 {[%emt 0:00:00]} 23. Nxa4 {[%emt 0:00:00]} Na5 {[%emt 0:00:03]} 24. Qd3 {[%emt 0:00:02]} Nc4 {[%emt 0:00:00]} 25. b3 {[%emt 0:00:01]} Ne5 {[%emt 0:00:00]} 26. Qb5 {[%emt 0:00:02]} Nf3+ {[%emt 0:00:01]} 27. Kg2 {[%emt 0:00:01]} Nd2 {[%emt 0:00:00]} 28. Rbc1 {[%emt 0:00:01]} Nxf1 {[%emt 0:00:02]} 29. Rxc6 {[%emt 0:00:01] Time (Lag: Av=0.96s, max=1.8s)} 1-0

[Event "Stay Safe Play From Home 298"]
[Site "Emanuel Lasker Arena"]
[Date "2020.07.13"]
[Round "7"]
[White "Haxhi Baha"]
[Black "NeatFox"]
[Result "1/2-1/2"]
[WhiteElo "2004"]
[BlackElo "1845"]
[Annotator "TA"]
[PlyCount "118"]
[EventDate "2020.07.13"]
[EventType "swiss (blitz)"]

{[%evp 15,118,41,87,27,56,31,112,120,116,97,80,83,95,80,181,193,198,185,320,283,526,512,533,483,29983,29984,29967,2902,29993,961,29989,734,708,707,656,637,551,309,1716,1648,1566,1519,1307,760,970,952,1491,1491,12848,12842,12842,12843,12841,1600,1494,1408,12840,6195,12841,12841,12844,12844,29986,29987,29987,29988,29988,29988,29988,29989,29989,29988,29986,29987,29987,27999,29983,27999,29988,27999,29988,27999,29986,27999,29986,27999,29987,27999,29993,27999,29984,27999,29997,27999,29997,27999,29997,27999,29996,27999,29997,27999,27999,27999,27999]} 1. e4 e5 2. f4 Nc6 3. Bc4 exf4 4. Nf3 Nf6 5. Nc3 d6 6. d4 Bg4 7. Qd3 Be7 8. Bxf4 O-O 9. O-O-O {[#] C34: King's Gambit Accepted: 3 Nf3: 3...Nf6 and 3...d6.} ({White should try} 9. a3 $16) 9... Nb4 $146 ({Predecessor:} 9... Na5 10. h3 Bxf3 11. gxf3 Nh5 12. Bd2 Bg5 13. Bb3 Nxb3+ 14. axb3 c6 15. Rhg1 Bxd2+ 16. Qxd2 Qf6 {1-0 (24) Westerinen,H (2410)-Kraidman,Y (2365) Gausdal 1996}) 10. Qe3 Be6 ({Black should play} 10... d5 $14) 11. d5 $16 {White is better.} Bd7 12. a3 Na6 13. h3 Re8 14. g4 h6 (14... Nc5 $16 {keeps fighting.}) 15. g5 $18 hxg5 16. Nxg5 Nh7 (16... Nh5 $142) 17. h4 g6 $2 (17... Bf6 {was called for.} 18. Nxh7 Kxh7) 18. h5 {Threatens to win with Nxh7.} Bxg5 19. hxg6 Bxf4 (19... fxg6 $18 20. Rxh7 Bxf4 21. Qxf4 Kxh7) 20. gxh7+ Kh8 21. Qxf4 {Intending Rdg1 and mate.} Qe7 22. Rdf1 (22. Rdg1 $142 Bh3 23. Qg3 Qf6 24. Qg8+ $1 {[%mdl 576] Promotion} Rxg8 25. hxg8=Q+ Rxg8 26. Rxh3+ Qh6+ 27. Rxh6#) 22... f5 23. exf5 (23. Rfg1 $142 Rf8 24. Rg8+ {[%mdl 64] Decoy, Promotion} Rxg8 25. hxg8=N+ Kxg8 26. Rg1+ Kf7 27. Qh6 Qf8 28. Qh7+ Kf6 29. Qh4+ Kf7 30. Qh7+ {[%mdl 64] Double Attack} Kf6 {[#]} 31. e5+ $1 {[%mdl 512]} Kxe5 32. Qh4) 23... Qe3+ 24. Qxe3 Rxe3 25. f6 Rf8 26. f7 Nc5 $2 (26... Re7 27. b4 Rexf7 28. Rxf7 Rxf7) 27. Rhg1 Kxh7 28. Rf4 {[%cal Rf4h4]} Rh3 29. Bb5 Bxb5 30. Nxb5 Nd7 31. Nxc7 Ne5 32. Ne6 Rxf7 33. Ng5+ {[%mdl 64] Double Attack} Kh6 34. Nxh3 (34. Nxf7+ $142 Nxf7 35. Rxf7) 34... Rxf4 35. Nxf4 Nc4 36. Rg6+ Kh7 37. b3 Nb6 38. Rxd6 Nc8 39. Rd8 {White mates.} Nb6 40. c4 Kg7 41. c5 Nxd5 42. Nxd5 Kf7 43. Rd7+ Ke6 44. Rxb7 Kxd5 45. Rxa7 {[%mdl 4096] Endgame KR-K} Kc6 46. b4 Kb5 47. Rb7+ Kc6 48. Rb6+ Kd5 49. a4 {[%cal Ba3a4,Ba4a5][%mdl 32]} Kc4 50. a5 Kb3 51. c6 Ka4 52. c7 Kb3 53. c8=Q Ka4 54. Qc6+ Kb3 55. Qf3+ Kc4 56. Rh6 Kb5 57. Rh4 Ka6 {[#]} 58. b5+ $1 {[%mdl 64] Decoy} Kxb5 59. Qf5+ Ka6 {[%mdl 32768] Accuracy: White = 62%, Black = 24%. . An unexpected result.} 1/2-1/2